000 00711nam a2200289Ia 4500
005 20260324135904.0
008 008 260324s9999 xx 000 0 eng d
020 _a9780203360903
037 _aEBOOK
040 _aCRL
040 _beng
040 _cCRL
041 _2eng
041 _aeng
084 _qCRL
100 _aArnold M. Cooper; Peter Fonagy; Robert S. Wallerstein
_91202298
245 0 _aPsychoanalysis on the Move
245 4 _bThe Work of Joseph Sandler
260 _bTaylor and Francis
260 _c1999
365 _a
365 _b190
856 _uhttp://www.taylorfrancis.com/books/9780203360903
942 _cEBOOK
999 _c1803830
_d1803830